=LDR 00000nam 2200000 4500 =001 INLIS000000000036534 =005 20140407123330.0 =006 =007 =008 Ind =035 ##$$0010-061300000036534 =041 ##$$a Ind =082 ##$$a 741.5 =090 ##$$a 741.5, Web k =100 ##$$a Webster, Jean =245 ##$$a Kisah klasik daddy long legs, Jean Webster ; alih bahasa, Deni Supriadi =260 ##$$a 2010 $b Jakarta =300 ##$$a 207 hlm, ilus6c25 cm =650 ##$$a Bacaan Komik =700 ##$$a Supriadi, Deni =850 ##$$a NBPNMAT =990 ##$$a 21400613/BPAP-NTB/20142014 =990 ##$$a 21400613/BPAP-NTB/20142014 =990 ##$$a 0001/BPAP-NTB/20142014 =990 ##$$a 0001/BPAP-NTB/2015 =990 ##$$a 0001/BPAP-NTB/2015